00479nam a22001457a 450000500170000000800410001704100130005808200140007110000240008524500730010925000180018226000750020030000330027565000250030820231106132053.0231106b |||||||| |||| 00| 0 eng d aEnglish  a346.5 SHR aShrand, D lEnglish aThe Administration of Deceased Estates in South Africa / cD Shrand  aThird Edition aCape Town : bLegal and Financial Publishing Company (Pty) Ltd, c1973 bxviii, 567 pages ; c23 cm.  aLegal practice bLaw